Tilastot visalle Sanat - "Prinsessa" - Etta

Klikkaa tästä pelataksesi tätä visaa!

Yleistilastot

  • Tätä visaa on pelattu 43 kertaa
    (41 viimeisimmän päivityksen jälkeen)
  • Keskiarvotulos 164 / 227

Vastaustilastot

Vastaus% Oikein
100%
Jos
96%
jos
96%
ku
96%
mun
96%
nukun
96%
oo
96%
oot
96%
sata
96%
vuotta
96%
asti
93%
en
93%
herään
93%
siihen
93%
siin
93%
äiti
89%
et
89%
luona
89%
tähä
89%
kiltti
85%
saa
85%
siinä
85%
tyttö
85%
aauki
81%
auki
81%
kattoo
81%
on
81%
ootko
81%
silmii
81%
silti
81%
niin
78%
niitä
78%
ongelmat
78%
perään
78%
pienenä
78%
taas
78%
ei
74%
kännykkää
74%
kiinni
74%
kruunu
74%
poikki
74%
rikki
74%
silmät
74%
vailla
74%
vuorii
74%
ettei
70%
kannetaan
70%
käsivarsil
70%
mee
70%
niiden
70%
pään
70%
pysytsä
70%
sen
70%
suuntaa
70%
suurii
70%
vierellä
70%
yli
70%
filmi
67%
jään
67%
jossai
67%
makaa
67%
nää
67%
tuijottaa
67%
valvo
67%
Viistoist
67%
enää
63%
jossain
63%
katotko
63%
luuraa
63%
maailmalla
63%
pikkuprinsessa
63%
tietä
63%
mieleltä
59%
pahalt
59%
prinsessa
59%
sängyllä
59%
se
59%
tarviin
59%
yöksi
59%
ystävää
59%
huutaa
56%
Kakskolme
56%
nollanolla
56%
sammutin
56%
sireenit
56%
askeltaan
52%
himaan
52%
kauaa
52%
hukas
48%
hymy
48%
löydä
48%
muuttunu
48%
pikkupäissään
48%
puuttunu
48%
pysythän
48%
sisko
48%
sydän
48%
vieressä
48%
aikoin
44%
haittaa
44%
kai
44%
kasvoilt
44%
lyö
44%
mikä
44%
mitä
44%
pulas
44%
tiiän
44%
viime
44%
mis
41%
iltasadut
37%
lupas
37%
onni
37%
oon
37%
vaan
37%
silmissä
33%
unihiekkaa
33%
ees
30%
koskaa
30%
näin
30%
täs
30%
tuntunu
30%
yksinäiselt
30%
etin
26%
ilman
26%
kunnol
26%
millo
26%
murtunu
26%
nukkunu
26%
oisin
26%
pohjalta
26%
pullon
26%
varmaa
26%
vastauksii
26%
viimeks
26%
ystävii
26%

Tulosjakauma

Persentiili vastausten määrän mukaan

Jokaisen tuloksen saaneiden osuus

Tuloshistoriasi

Et ole pelannut tätä visaa sen viimeisimmän päivityksen jälkeen